| 000 | 00851nam a2200181 4500 | ||
|---|---|---|---|
| 001 | 132156 | ||
| 003 | ES-MaACL | ||
| 005 | 20230906194121.0 | ||
| 007 | t| | ||
| 008 | 070214s1939 sp r ||||1| spa d | ||
| 100 | 1 |
_aRodríguez de Torner, Matutina. _998476 |
|
| 245 | 1 | 3 |
_aLa Puericultura es a la vez ciencia y arte / _cpor la Doctora Matutina Rodríguez de Torner. |
| 260 |
_aMadrid : _b[s. n.], _c1939. |
||
| 300 |
_a12 p. ; _c23 cm. |
||
| 500 | _aPrecede al tít.: Ministerio de la Gobernación, Dirección General de Sanidad, Sección de Puericultura, Maternología e Higiene Escolar ----- Publicaciones `Al servicio de España y del niño español`, nº 22 ----- Es separata de la revista `El Derecho sanitario español` de Valladolid. | ||
| 710 | 1 |
_aEspaña. _bDirección General de Sanidad. _93905 |
|
| 852 |
_aES-MaACL _j1860-F-5 _bR.23005 |
||
| 999 |
_c132156 _d132156 |
||